Strategic corporate social responsibility : (Record no. 5982)

000 -LEADER
fixed length control field 01725cam a2200445 i 4500
003 - CONTROL NUMBER IDENTIFIER
control field OSt
005 - DATE AND TIME OF LATEST TRANSACTION
control field 20260219140919.0
008 - FIXED-LENGTH DATA ELEMENTS--GENERAL INFORMATION
fixed length control field 210420s2022 enka b 001 0 eng d
020 ## - INTERNATIONAL STANDARD BOOK NUMBER
International Standard Book Number 9781529758443
020 ## - INTERNATIONAL STANDARD BOOK NUMBER
International Standard Book Number 1529758440
020 ## - INTERNATIONAL STANDARD BOOK NUMBER
International Standard Book Number 9781529758450
020 ## - INTERNATIONAL STANDARD BOOK NUMBER
International Standard Book Number 1529758459
020 ## - INTERNATIONAL STANDARD BOOK NUMBER
Canceled/invalid ISBN 9781529765458
020 ## - INTERNATIONAL STANDARD BOOK NUMBER
Canceled/invalid ISBN 9781529766288
International Standard Book Number 9781529758450
040 ## - CATALOGING SOURCE
Transcribing agency UKMGB
042 ## - AUTHENTICATION CODE
Authentication code lccopycat
050 00 - LIBRARY OF CONGRESS CALL NUMBER
Classification number HD60
Item number .H3916 2022
100 1# - MAIN ENTRY--PERSONAL NAME
Personal name Haski-Leventhal, Debbie,
245 10 - TITLE STATEMENT
Title Strategic corporate social responsibility :
Remainder of title a holistic approach to responsible and sustainable business /
Statement of responsibility, etc. Debbie Haski-Leventhal ; foreword by David Cooperrider.
250 ## - EDITION STATEMENT
Edition statement Second edition.
264 #1 - PRODUCTION, PUBLICATION, DISTRIBUTION, MANUFACTURE, AND COPYRIGHT NOTICE
Place of production, publication, distribution, manufacture London ;
-- Los Angeles :
Name of producer, publisher, distributor, manufacturer SAGE,
Date of production, publication, distribution, manufacture, or copyright notice [2022]
264 #4 - PRODUCTION, PUBLICATION, DISTRIBUTION, MANUFACTURE, AND COPYRIGHT NOTICE
Date of production, publication, distribution, manufacture, or copyright notice ©2022
300 ## - PHYSICAL DESCRIPTION
Extent xxxii, 448 pages :
Other physical details illustrations ;
Dimensions 25 cm
336 ## - CONTENT TYPE
Content type term text
Content type code txt
Source rdacontent
336 ## - CONTENT TYPE
Content type term still image
Content type code sti
Source rdacontent
337 ## - MEDIA TYPE
Media type term unmediated
Media type code n
Source rdamedia
338 ## - CARRIER TYPE
Carrier type term volume
Carrier type code nc
Source rdacarrier
504 ## - BIBLIOGRAPHY, ETC. NOTE
Bibliography, etc. note Includes bibliographical references and index.
650 #0 - SUBJECT ADDED ENTRY--TOPICAL TERM
Topical term or geographic name entry element Social responsibility of business.
650 #0 - SUBJECT ADDED ENTRY--TOPICAL TERM
Topical term or geographic name entry element Strategic planning.
650 #6 - SUBJECT ADDED ENTRY--TOPICAL TERM
Topical term or geographic name entry element Entreprises
General subdivision Responsabilité sociale.
650 #6 - SUBJECT ADDED ENTRY--TOPICAL TERM
Topical term or geographic name entry element Planification stratégique.
650 #7 - SUBJECT ADDED ENTRY--TOPICAL TERM
Topical term or geographic name entry element Social responsibility of business.
Source of heading or term fast
Authority record control number or standard number (OCoLC)fst01122851
650 #7 - SUBJECT ADDED ENTRY--TOPICAL TERM
Topical term or geographic name entry element Strategic planning.
Source of heading or term fast
Authority record control number or standard number (OCoLC)fst01134371
700 1# - ADDED ENTRY--PERSONAL NAME
Personal name Cooperrider, David L.,
Relator term writer of foreword.
776 08 - ADDITIONAL PHYSICAL FORM ENTRY
Relationship information Ebook version :
International Standard Book Number 9781529765458
906 ## - LOCAL DATA ELEMENT F, LDF (RLIN)
a 7
b cbc
c copycat
d 2
e ncip
f 20
g y-gencatlg
942 ## - ADDED ENTRY ELEMENTS (KOHA)
Source of classification or shelving scheme
Koha item type Book
Suppress in OPAC CM
Holdings
Withdrawn status Lost status Source of classification or shelving scheme Damaged status Not for loan Permanent Location Current Location Shelving location Date acquired Source of acquisition Full call number Barcode Date last seen Price effective from Koha item type Public note
          AU LIBRARY AU LIBRARY Open Shelf 19.02.2026 PURCHASE HD60 .H3916 2022 C1 28008441 19.02.2026 19.02.2026 Book CM
          AU LIBRARY AU LIBRARY Open Shelf 19.02.2026 PURCHASE HD60 .H3916 2022 C2 28008437 19.02.2026 19.02.2026 Book CM

Powered by Koha